| 000 | 01069 a2200229 4500 | ||
|---|---|---|---|
| 003 | NUST | ||
| 005 | 20230705085249.0 | ||
| 010 | _a 98044231 | ||
| 035 | _a(DLC) 98044231 | ||
| 040 | _cNust | ||
| 082 | 0 | 0 | _a511,ROS |
| 100 | 1 |
_aRosen, Kenneth H. _917956 |
|
| 245 | 1 | 0 |
_aDiscrete mathematics and its applications / _cKenneth H. Rosen. |
| 260 |
_aBoston : _bWCB/McGraw-Hill, _cc1999. |
||
| 300 |
_axxii, 678 p. ; _bill. ; _c27 cm. |
||
| 505 | _aThe foundations:logic,sets,and functions 1(Page-1), The fundamentals,algorithms,the integers and matrices(Page-99), Mathematical reasoning(Page-167), Counting(Page-232), Advanced counting techniques(Page-308), Relations(Page-374), Graphs(Page-438), Trees (Page-528), Boolean ,algebra(Page-593), Modelling computation(Page-629). | ||
| 650 | 0 |
_aComputer science _xMathematics. _917957 |
|
| 650 | 0 | _aMathematics. | |
| 856 | 4 | 2 |
_3Publisher description _uhttp://www.loc.gov/catdir/description/mh023/98044231.html |
| 856 | 4 | 2 |
_3Table of contents _uhttp://www.loc.gov/catdir/toc/mh022/98044231.html |
| 942 |
_2ddc _cBK _k511,ROS |
||
| 999 |
_c177097 _d177097 |
||